00962nam a2200205 a 4500001000900000005001700009008004100026020001500067040001800082050002200100245024500122260004100367300002400408500014900432500003000581504002700611650002700638650004200665710004900707BRCA_28620190320202939.0850822s1983 mx-a---##c---f000-0#spa-# a968580642X aDLCcDLCdDLC 4aHF5605b.C66 198310aLa contaduría públicabestudio de su génesis y de su evolución hasta nuestros díascMuseo Universitario de Ciencias y Arte ; Colegio de Contadores Públicos de México, Centro de Investigación y Servicios Museológicos, UNAM. aCiudad Universitaria, Méxicoc1983 a143 p.bil.c25 cm. aCatálogo de la exposicón realizada en el Museo Universitario de Ciencias y Arte de la UNAM (Ciudad de México), octubre 1979- febrero 1980 aIncluye índice de citas aBibliografía: p. 14314aContabilidadxHistoria14aContabilidad en el artexExposiciones2 aUNAMbMuseo Universitario de Ciencias y Arte